000 00294nam a22001337a 4500
008 181023b xxu||||| |||| 00| 0 eng d
020 _a9780131108417
041 _aeng
080 _a616-053.2
100 _a8
101 _aPED
245 _aChild Development
_cMcDevit, T.M
942 _2udc
_cBK
999 _c50664
_d50664